[Event "IMSA Blitz Women 2019"]
[Site "Hengshui"]
[Date "2019.05.17"]
[Round "6.1"]
[White "Kosteniuk, Alexandra"]
[Black "Harika, Dronavalli"]
[Result "1/2-1/2"]
[WhiteElo "2546"]
[BlackElo "2492"]
[Annotator "ChessBase"]
[PlyCount "130"]
[EventDate "2019.05.17"]
[EventType "blitz"]
[EventCountry "CHN"]
[SourceTitle "playchess.com"]
[Source "ChessBase"]
[SourceQuality "1"]
[TimeControl "180+2"]

1. c4 {[%emt 0:00:00]} e6 {[%emt 0:00:00]} 2. Nc3 {[%emt 0:00:00]} d5 {[%emt 0:00:00]} 3. d4 {[%emt 0:00:02]} c6 {[%emt 0:00:00]} 4. e4 {[%emt 0:00:02]} dxe4 {[%emt 0:00:01]} 5. Nxe4 c5 6. Nf3 {[%emt 0:00:06]} cxd4 {[%emt 0:00:09]} 7. Qxd4 {[%emt 0:00:01]} Qxd4 {[%emt 0:00:09]} 8. Nxd4 {[%emt 0:00:01]} Nf6 {[%emt 0:00:08]} 9. Nxf6+ {[%emt 0:00:05]} gxf6 {[%emt 0:00:01]} 10. Bd2 {[%emt 0:00:12]} Bd7 {[%emt 0:00:07]} 11. Bc3 {[%emt 0:00:02]} Be7 {[%emt 0:00:19]} 12. g3 {[%emt 0:00:05]} Nc6 {[%emt 0:00:05]} 13. Nb5 {[%emt 0:00:01]} Rc8 {[%emt 0:00:29]} 14. Rd1 {[%emt 0:00:29]} a6 {[%emt 0:00:09]} 15. Nd6+ {[%emt 0:00:02]} Bxd6 {[%emt 0:00:01]} 16. Rxd6 {[%emt 0:00:02]} Ne5 {[%emt 0:00:18]} 17. b3 {[%emt 0:00:05]} Bc6 {[%emt 0:00:01]} 18. Bxe5 {[%emt 0:00:05]} fxe5 {[%emt 0:00:01]} 19. Rg1 {[%emt 0:00:03]} Ke7 {[%emt 0:00:01]} 20. Rd2 {[%emt 0:00:06]} Rhd8 {[%emt 0:00:05]} 21. Bd3 {[%emt 0:00:01]} e4 {[%emt 0:00:02]} 22. Be2 {[%emt 0:00:05]} f5 {[%emt 0:00:02]} 23. Kd1 {[%emt 0:00:04]} b5 {[%emt 0:00:20]} 24. Rxd8 {[%emt 0:00:04]} Rxd8+ {[%emt 0:00:01]} 25. Kc2 {[%emt 0:00:02]} e5 {[%emt 0:00:34]} 26. Kc3 {[%emt 0:00:02]} bxc4 {[%emt 0:00:06]} 27. Bxc4 {[%emt 0:00:09]} Bb5 {[%emt 0:00:01]} 28. Bxb5 {[%emt 0:00:25]} axb5 {[%emt 0:00:00]} 29. Re1 {[%emt 0:00:17]} Rd3+ {[%emt 0:00:25]} 30. Kc2 {[%emt 0:00:01]} Rf3 {[%emt 0:00:05]} 31. Re2 {[%emt 0:00:01]} b4 {[%emt 0:00:00]} 32. Kb2 {[%emt 0:00:04]} Ke6 {[%emt 0:00:03]} 33. a3 {[%emt 0:00:02]} bxa3+ {[%emt 0:00:01]} 34. Kxa3 {[%emt 0:00:01]} Kd5 {[%emt 0:00:05]} 35. Ka4 {[%emt 0:00:12]} f4 {[%emt 0:00:02]} 36. b4 {[%emt 0:00:03]} e3 {[%emt 0:00:04]} 37. fxe3 {[%emt 0:00:02]} fxe3 {[%emt 0:00:01]} 38. b5 {[%emt 0:00:02]} Ke4 {[%emt 0:00:02]} 39. b6 {[%emt 0:00:03]} Rf2 {[%emt 0:00:02]} 40. b7 {[%emt 0:00:08]} Rxe2 {[%emt 0:00:09]} 41. b8=Q {[%emt 0:00:02]} Rd2 {[%emt 0:00:01]} 42. Qb7+ {[%emt 0:00:11]} Kd4 {[%emt 0:00:04]} 43. Qb4+ {[%emt 0:00:08]} Kd3 {[%emt 0:00:02]} 44. Qb5+ {[%emt 0:00:01]} Ke4 {[%emt 0:00:02]} 45. Qc6+ {[%emt 0:00:03]} Kd3 {[%emt 0:00:00]} 46. Qd5+ {[%emt 0:00:01]} Kc2 {[%emt 0:00:02]} 47. Qe4+ {[%emt 0:00:03]} Rd3 {[%emt 0:00:03]} 48. Qxe5 {[%emt 0:00:11]} Kd2 {[%emt 0:00:00]} 49. Qb2+ {[%emt 0:00:03]} Kd1 {[%emt 0:00:01]} 50. Qb1+ {[%emt 0:00:04]} Kd2 {[%emt 0:00:01]} 51. Qb4+ {[%emt 0:00:03]} Kd1 {[%emt 0:00:02]} 52. Qe4 {[%emt 0:00:03]} Kd2 {[%emt 0:00:04]} 53. Qf4 {[%emt 0:00:11]} Kd1 {[%emt 0:00:05]} 54. Qf1+ {[%emt 0:00:06]} Kd2 {[%emt 0:00:01]} 55. Qf4 {[%emt 0:00:01]} Kd1 {[%emt 0:00:01]} 56. Qc4 {[%emt 0:00:08]} Kd2 {[%emt 0:00:02]} 57. Qb4+ {[%emt 0:00:03]} Kd1 {[%emt 0:00:01]} 58. Qg4+ {[%emt 0:00:04]} e2 {[%emt 0:00:01]} 59. Kb4 {[%emt 0:00:05]} Kd2 {[%emt 0:00:02]} 60. Qf4+ {[%emt 0:00:01]} Kd1 {[%emt 0:00:05]} 61. Qg4 {[%emt 0:00:01]} Kd2 {[%emt 0:00:03]} 62. Qf4+ {[%emt 0:00:01]} Kd1 {[%emt 0:00:04]} 63. Qg4 {[%emt 0:00:01]} Kd2 {[%emt 0:00:03]} 64. Qf4+ {[%emt 0:00:02]} Kd1 {[%emt 0:00:00]} 65. Qg4 {[%emt 0:00:00]} Kd2 {[%emt 0:00:01]} 1/2-1/2

[Event "IMSA Blitz Women 2019"]
[Site "Hengshui"]
[Date "2019.05.17"]
[Round "6.1"]
[White "Tan, Zhongyi"]
[Black "Stefanova, Antoaneta"]
[Result "0-1"]
[WhiteElo "2513"]
[BlackElo "2470"]
[Annotator "ChessBase"]
[PlyCount "80"]
[EventDate "2019.05.17"]
[EventType "blitz"]
[EventCountry "CHN"]
[SourceTitle "playchess.com"]
[Source "ChessBase"]
[SourceQuality "1"]
[TimeControl "180+2"]

1. c4 {[%emt 0:00:00]} c6 {[%emt 0:00:00]} 2. d4 {[%emt 0:00:04]} d5 {[%emt 0:00:00]} 3. Nf3 {[%emt 0:00:01]} Nf6 {[%emt 0:00:02]} 4. Nc3 {[%emt 0:00:01]} a6 {[%emt 0:00:00]} 5. c5 {[%emt 0:00:03]} Bf5 {[%emt 0:00:06]} 6. Qb3 {[%emt 0:00:02]} Ra7 {[%emt 0:00:15]} 7. Bf4 {[%emt 0:00:09]} Nbd7 {[%emt 0:00:05]} 8. h3 {[%emt 0:00:06]} h6 {[%emt 0:00:08]} 9. e3 {[%emt 0:00:05]} g5 {[%emt 0:00:05]} 10. Bg3 {[%emt 0:00:08]} Bg7 {[%emt 0:00:05]} 11. Be2 {[%emt 0:00:01]} O-O {[%emt 0:00:11]} 12. Ne5 {[%emt 0:00:03]} Ne4 {[%emt 0:00:16]} 13. Nxe4 {[%emt 0:00:24]} Bxe4 {[%emt 0:00:01]} 14. Nxd7 {[%emt 0:00:11]} Qxd7 {[%emt 0:00:02]} 15. f3 {[%emt 0:00:07]} Bg6 {[%emt 0:00:01]} 16. Bd3 {[%emt 0:00:06]} Bxd3 {[%emt 0:00:36]} 17. Qxd3 {[%emt 0:00:01]} Raa8 {[%emt 0:00:01]} 18. O-O {[%emt 0:00:06]} Rae8 {[%emt 0:00:41]} 19. f4 {[%emt 0:00:02]} f5 {[%emt 0:00:14]} 20. Rf2 {[%emt 0:00:03]} e6 {[%emt 0:00:03]} 21. Raf1 {[%emt 0:00:02]} Rf6 {[%emt 0:00:02]} 22. fxg5 {[%emt 0:00:15]} hxg5 {[%emt 0:00:01]} 23. Bd6 {[%emt 0:00:11]} Rh6 {[%emt 0:00:08]} 24. g4 {[%emt 0:00:06]} Rxh3 {[%emt 0:00:05]} 25. Kg2 {[%emt 0:00:19]} Rh4 {[%emt 0:00:12]} 26. gxf5 {[%emt 0:00:01]} exf5 {[%emt 0:00:03]} 27. Rxf5 {[%emt 0:00:05]} Rg4+ {[%emt 0:00:08]} 28. Kh1 {[%emt 0:00:02]} Qe6 {[%emt 0:00:11]} 29. R1f3 {[%emt 0:00:20]} Qh6+ {[%emt 0:00:04]} 30. Bh2 {[%emt 0:00:01]} Rh4 {[%emt 0:00:04]} 31. Qd2 {[%emt 0:00:03]} g4 {[%emt 0:00:01]} 32. Rg3 {[%emt 0:00:13]} Re4 33. Kg1 {[%emt 0:00:09]} Bxd4 {[%emt 0:00:05]} 34. Qg2 {[%emt 0:00:29]} Bxe3+ {[%emt 0:00:06]} 35. Kh1 {[%emt 0:00:02]} Bd4 {[%emt 0:00:04]} 36. Rf1 {[%emt 0:00:02]} Bxc5 {[%emt 0:00:02]} 37. b4 {[%emt 0:00:07]} Rxh2+ {[%emt 0:00:03]} 38. Qxh2 {[%emt 0:00:01]} Qxh2+ {[%emt 0:00:01]} 39. Kxh2 {[%emt 0:00:01]} Bd6 {[%emt 0:00:00]} 40. a3 {[%emt 0:00:01]} Re2+ 0-1

[Event "IMSA Blitz Women 2019"]
[Site "Hengshui"]
[Date "2019.05.17"]
[Round "6.1"]
[White "Dzagnidze, Nana"]
[Black "Gunina, Valentina"]
[Result "0-1"]
[WhiteElo "2510"]
[BlackElo "2506"]
[Annotator "TA"]
[PlyCount "98"]
[EventDate "2019.05.17"]
[EventType "blitz"]
[EventCountry "CHN"]
[SourceTitle "playchess.com"]
[Source "ChessBase"]
[SourceQuality "1"]

{[%evp 18,97,-15,-14,-13,-32,-2,-14,-12,-16,0,2,0,0,16,-10,-5,-39,0,0,0,-70,-51,-51,-51,-237,-56,-56,-12,-179,-55,-63,-61,-56,-48,-122,-122,-121,-122,-127,-130,-127,-130,-129,-115,-224,-128,-128,-122,-128,-128,-129,-128,-131,-131,-200,-200,-200,-200,-214,-211,-213,-207,-284,-199,-317,-295,-299,-220,-551,-536,-5581,-849,-29984,-942,-2970,-2584,-29981,-29982,-29982,-29983,-29999]} 1. c4 c6 2. Nf3 d5 3. b3 Nf6 4. Bb2 Bf5 5. g3 e6 6. Bg2 h6 7. O-O Nbd7 8. d3 Bc5 9. Nbd2 O-O 10. Qc2 a5 {A12: English Opening: 1...c6 with b3 by White} (10... Bh7 11. a3 a5 12. Bc3 Re8 13. b4 axb4 14. axb4 Bd6 15. Rxa8 Qxa8 16. Re1 e5 17. c5 Bf8 18. e4 Qb8 19. Bh3 Qc7 20. Qb3 {½-½ (33) Panjwani,R (2388)-Kamsky,G (2660) Calgary 2016}) 11. e4 $146 ({Predecessor:} 11. Rac1 Qb6 12. h3 a4 13. bxa4 Qa6 14. cxd5 cxd5 15. Bxf6 gxf6 {1-0 (65) Neubauer,M (2428)-Chemin,V (2193) Curitiba 2010}) 11... dxe4 12. Nxe4 Nxe4 {The position is equal.} 13. dxe4 Bh7 14. Rad1 Qe7 15. Qc3 {[%csl Gb2][%cal Rc3g7]} Nf6 16. e5 Ne4 17. Qc1 (17. Qe1 $5 {[%cal Rf3d4]}) 17... Rfd8 18. Nd4 Ba7 19. Kh1 ({White should play} 19. Qe3 $11 Nc5 20. Ba3) 19... Rd7 20. Qe3 $1 Nc5 $1 21. f4 $2 {[#]} (21. Bc3 $15) 21... Rad8 $2 (21... Nd3 $1 $19 {[%cal Rd3b2][%mdl 512]} 22. Rxd3 Bxd3 23. Qxd3 Bxd4 24. Bxd4 Rad8) 22. Ba3 $15 Qe8 23. Bf3 $2 {[#]} (23. Nxc6 $11 {and White is okay.} Rxd1 24. Nxd8 Rxf1+ 25. Bxf1 Qxd8 26. Bxc5) 23... Nd3 (23... b5 $1 $19 {[%mdl 512]} 24. cxb5 (24. Bxc6 $2 Rxd4 {[%mdl 64] Discovered Attack} 25. Bxe8 Rxd1 $19) 24... cxb5) 24. Bd6 $1 Rxd6 25. exd6 Rxd6 26. Rxd3 (26. f5 $1 $15 Nb2 27. Qe5 {[%mdl 64] Double Attack} Nxd1 28. Qxd6) 26... Bxd3 $17 27. Qxd3 Rxd4 28. Qe2 Qd7 29. Rd1 g6 30. Kg2 Bc5 31. Kf1 {[#]} (31. h4 $17 {keeps fighting.}) 31... h5 ({Better is} 31... e5 $1 $19 {[%mdl 512]} 32. Rxd4 (32. Qxe5 Qh3+) 32... Qxd4) 32. Kg2 Qd6 33. Kf1 Bb6 34. Kg2 Qc5 35. Rxd4 Qxd4 36. Qd1 (36. h4 $17) 36... Qf2+ $19 {[%mdl 64] Double Attack} 37. Kh3 Qxa2 38. Be2 Qb2 39. Qd3 Bd4 40. Kg2 Bf6 41. h3 (41. Kh3 $142) 41... h4 42. g4 Qc1 43. Bd1 $2 (43. f5 {is more resistant.}) 43... Qxf4 44. Bc2 Be5 {aiming for ...Bd4.} 45. Kg1 Qh2+ (45... Bd4+ $142 46. Kh1 Qf2 47. Qd1 Be5 48. Qg1 Qxc2 49. g5 Qxb3 50. Kg2 a4 51. Qe1 {[#]} Qg3+ $1 {[%mdl 512]} 52. Qxg3 hxg3 53. Kf3 a3 54. h4 a2 55. h5 a1=Q 56. hxg6 Qd1+ 57. Kg2 Qe2+ {[%mdl 64] Double Attack} 58. Kh3 fxg6 59. c5 Qh2+ 60. Kg4 Qh5#) 46. Kf1 Bg3 {[%csl Gg3][%cal Rh2f2]} 47. Qd8+ {[#]} Kg7 $1 {[%csl Gg3][%cal Rh2f2] Black mates.} 48. Qd4+ e5 49. Qe4 Qf2# {Accuracy: White = 23%, Black = 43%.} 0-1

[Event "IMSA Blitz Women 2019"]
[Site "Hengshui"]
[Date "2019.05.17"]
[Round "6.1"]
[White "Lei, Tingjie"]
[Black "Koneru, Humpy"]
[Result "1-0"]
[WhiteElo "2507"]
[BlackElo "2553"]
[Annotator "ChessBase"]
[PlyCount "77"]
[EventDate "2019.05.17"]
[EventType "blitz"]
[EventCountry "CHN"]
[SourceTitle "playchess.com"]
[Source "ChessBase"]
[SourceQuality "1"]
[TimeControl "180+2"]

1. e4 {[%emt 0:00:00]} e5 {[%emt 0:00:00]} 2. Bc4 {[%emt 0:00:00]} Nf6 {[%emt 0:00:03]} 3. d3 {[%emt 0:00:02]} c6 {[%emt 0:00:12]} 4. Nf3 {[%emt 0:00:01]} d5 {[%emt 0:00:04]} 5. Bb3 {[%emt 0:00:02]} a5 {[%emt 0:00:08]} 6. a4 {[%emt 0:00:01]} Bb4+ {[%emt 0:00:17]} 7. c3 {[%emt 0:00:02]} Bd6 {[%emt 0:00:02]} 8. exd5 {[%emt 0:00:02]} cxd5 {[%emt 0:00:06]} 9. Bg5 {[%emt 0:00:01]} Be6 {[%emt 0:00:05]} 10. Na3 {[%emt 0:00:01]} Nbd7 {[%emt 0:00:09]} 11. Nb5 {[%emt 0:00:02]} Bb8 {[%emt 0:00:08]} 12. O-O {[%emt 0:00:02]} O-O {[%emt 0:00:03]} 13. Bh4 {[%emt 0:00:06]} h6 {[%emt 0:00:02]} 14. Re1 {[%emt 0:00:02]} Re8 {[%emt 0:00:08]} 15. h3 {[%emt 0:00:24]} Ra6 {[%emt 0:00:02]} 16. d4 {[%emt 0:00:06]} e4 {[%emt 0:00:07]} 17. Nd2 {[%emt 0:00:01]} g5 {[%emt 0:00:21]} 18. Bg3 {[%emt 0:00:01]} Bxg3 {[%emt 0:00:07]} 19. fxg3 {[%emt 0:00:02]} Nf8 {[%emt 0:00:45]} 20. Nf1 {[%emt 0:00:04]} Ng6 {[%emt 0:00:02]} 21. Qd2 {[%emt 0:00:05]} Qb8 {[%emt 0:00:06]} 22. Qf2 {[%emt 0:00:04]} Kg7 {[%emt 0:00:02]} 23. Ne3 {[%emt 0:00:05]} Qd8 {[%emt 0:00:18]} 24. Rf1 {[%emt 0:00:05]} Rc6 {[%emt 0:00:04]} 25. Rad1 {[%emt 0:00:09]} Ng8 {[%emt 0:00:09]} 26. c4 {[%emt 0:00:14]} N8e7 {[%emt 0:00:03]} 27. cxd5 {[%emt 0:00:02]} Nxd5 {[%emt 0:00:03]} 28. Bxd5 {[%emt 0:00:09]} Bxd5 {[%emt 0:00:01]} 29. Nxd5 {[%emt 0:00:04]} Qxd5 {[%emt 0:00:01]} 30. Nc3 {[%emt 0:00:01]} Qd7 {[%emt 0:00:04]} 31. d5 {[%emt 0:00:01]} Rd6 {[%emt 0:00:04]} 32. Qd4+ {[%emt 0:00:04]} Re5 {[%emt 0:00:03]} 33. Rde1 {[%emt 0:00:08]} f5 {[%emt 0:00:02]} 34. g4 {[%emt 0:00:02]} Kh7 {[%emt 0:00:02]} 35. gxf5 {[%emt 0:00:02]} Rxf5 {[%emt 0:00:01]} 36. Nxe4 {[%emt 0:00:06]} Rfxd5 {[%emt 0:00:03]} 37. Nf6+ {[%emt 0:00:03]} Kh8 {[%emt 0:00:05]} 38. Qe4 {[%emt 0:00:04]} Qd8 {[%emt 0:00:05]} 39. Qxg6 {[%emt 0:00:04]} 1-0

[Event "IMSA Blitz Women 2019"]
[Site "Hengshui"]
[Date "2019.05.17"]
[Round "6.1"]
[White "Khotenashvili, Bela"]
[Black "Zhao, Xue"]
[Result "1-0"]
[WhiteElo "2476"]
[BlackElo "2485"]
[Annotator "ChessBase"]
[PlyCount "65"]
[EventDate "2019.05.17"]
[EventType "blitz"]
[EventCountry "CHN"]
[SourceTitle "playchess.com"]
[Source "ChessBase"]
[SourceQuality "1"]
[TimeControl "180+2"]

1. Nf3 {[%emt 0:00:00]} Nf6 {[%emt 0:00:00]} 2. g3 {[%emt 0:00:00]} b5 {[%emt 0:00:00]} 3. Bg2 {[%emt 0:00:01]} d5 {[%emt 0:00:01]} 4. O-O {[%emt 0:00:14]} e6 {[%emt 0:00:01]} 5. d3 {[%emt 0:00:01]} Be7 {[%emt 0:00:03]} 6. Nbd2 {[%emt 0:00:01]} O-O {[%emt 0:00:06]} 7. e4 {[%emt 0:00:02]} Bb7 {[%emt 0:00:15]} 8. e5 {[%emt 0:00:10]} Nfd7 {[%emt 0:00:01]} 9. Re1 {[%emt 0:00:04]} c5 {[%emt 0:00:02]} 10. Nf1 {[%emt 0:00:01]} b4 {[%emt 0:00:04]} 11. h4 {[%emt 0:00:07]} Nc6 {[%emt 0:00:02]} 12. Bf4 {[%emt 0:00:02]} a5 {[%emt 0:00:01]} 13. Ne3 {[%emt 0:00:20]} f5 {[%emt 0:00:49]} 14. exf6 {[%emt 0:00:02]} Bxf6 {[%emt 0:00:05]} 15. Ng4 {[%emt 0:00:05]} Bxb2 {[%emt 0:00:24]} 16. Rb1 {[%emt 0:00:01]} Bc3 {[%emt 0:00:01]} 17. Rxe6 {[%emt 0:00:01]} Nf6 {[%emt 0:00:12]} 18. Ng5 {[%emt 0:00:40]} Nd4 {[%emt 0:00:27]} 19. Be3 {[%emt 0:00:37]} h6 {[%emt 0:00:24]} 20. Bxd4 {[%emt 0:00:04]} Bxd4 {[%emt 0:00:03]} 21. Nh3 {[%emt 0:00:42]} Nxg4 {[%emt 0:00:12]} 22. Qxg4 {[%emt 0:00:00]} Bc8 {[%emt 0:00:01]} 23. Nf4 {[%emt 0:00:05]} Bxe6 {[%emt 0:00:11]} 24. Qxe6+ {[%emt 0:00:00]} Kh7 {[%emt 0:00:02]} 25. Bxd5 {[%emt 0:00:05]} Rxf4 {[%emt 0:00:03]} 26. gxf4 {[%emt 0:00:05]} Ra7 {[%emt 0:00:03]} 27. Be4+ {[%emt 0:00:04]} Kh8 {[%emt 0:00:01]} 28. Qg6 {[%emt 0:00:02]} Kg8 {[%emt 0:00:01]} 29. Bf5 {[%emt 0:00:06]} Re7 {[%emt 0:00:06]} 30. Be6+ {[%emt 0:00:08]} Kh8 {[%emt 0:00:03]} 31. Bf5 {[%emt 0:00:02]} Kg8 {[%emt 0:00:01]} 32. Qh7+ {[%emt 0:00:04]} Kf8 {[%emt 0:00:02]} 33. Qh8+ {[%emt 0:00:01]} 1-0

[Event "IMSA Blitz Women 2019"]
[Site "Hengshui"]
[Date "2019.05.17"]
[Round "6.1"]
[White "Abdumalik, Zhansaya"]
[Black "Bodnaruk, Anastasia"]
[Result "1-0"]
[WhiteElo "2464"]
[BlackElo "2431"]
[Annotator "TA"]
[PlyCount "109"]
[EventDate "2019.05.17"]
[EventType "blitz"]
[EventCountry "CHN"]
[SourceTitle "playchess.com"]
[Source "ChessBase"]
[SourceQuality "1"]

{[%evp 12,109,24,22,41,25,25,20,20,18,16,28,29,9,8,-39,-38,-99,-89,-109,-52,-95,-89,-102,-102,-127,-92,-173,-179,-93,-34,-113,-75,-40,-54,-69,-34,-52,30,-66,0,-72,125,0,0,0,0,0,0,0,0,-25,-20,-62,-66,-103,-131,-119,-93,-172,-51,-135,-51,-45,-54,-50,-57,-54,-52,-91,-87,-86,-97,-90,554,545,29997,5687,5281,4786,29997,29995,29997,658,887,878,827,797,3771,716,1524,1487,29983,830,29975,1604,1554,1439,5933,5754]} 1. e4 c5 2. Nf3 d6 3. d4 cxd4 4. Nxd4 Nf6 5. Nc3 a6 6. h3 e6 7. g4 Be7 {B81: Sicilian Scheveningen: Keres Attack} (7... h6 8. Bg2 g5 9. Be3 Nbd7 10. Qe2 Ne5 11. O-O-O Nfd7 12. h4 Rg8 13. hxg5 hxg5 14. Kb1 b5 15. f4 gxf4 16. Bxf4 Bb7 {½-½ (56) Karjakin,S (2773)-Mamedyarov,S (2801) Saint Louis 2018}) 8. Be3 b5 9. Bg2 Bb7 {The position is equal.} 10. g5 Nfd7 11. h4 Nc6 12. a3 Rc8 13. Qe2 Nce5 14. Nb3 $146 (14. f4 $15 Nc4 15. b3 Nxe3 16. Qxe3) ({Predecessor:} 14. f4 Nc4 15. Bc1 Qb6 16. Qf2 d5 17. exd5 {1-0 (72) Mubedi,M-Hunold,R Menden 1974}) 14... Nc4 $17 15. Bc1 {[#]} O-O (15... h6 $1 $17 {[%cal Rh6g5]} 16. f4 hxg5 17. hxg5 Rxh1+ 18. Bxh1 e5) 16. Nd4 Qb6 17. Nf3 Nde5 18. O-O f6 19. Nh2 (19. Nxe5 $17 dxe5 20. gxf6 Rxf6 21. Nd1) 19... fxg5 20. hxg5 Ng6 (20... Kh8 $17) 21. Qg4 (21. Bh3 $1 $15 Kh8 22. Bxe6) 21... Kh8 22. Qxe6 Qc5 23. Nd5 Bxd5 (23... Rce8 $5 {[%cal Rb7c8]} 24. Qh3 Bxd5 25. exd5 Nce5 $11) 24. Qxd5 Qc7 (24... Nf4 $15 25. Bxf4 Qxd5 26. exd5 Rxf4) 25. b3 ({Better is} 25. Bh3 $11) 25... Nb6 (25... Nce5 $15) 26. Qd4 (26. Qd3 $11 {keeps the balance.}) 26... Qc5 $2 {[#]} (26... Nd7 $17) 27. Bb2 (27. Qxc5 $1 $16 dxc5 28. f4) 27... Qxd4 $11 28. Bxd4 Nd7 29. Bh3 Rc7 30. Be3 Nf4 31. Bxf4 Rxf4 32. Rad1 Ne5 {[%mdl 1024] Black has compensation.} 33. Rd2 g6 ({But not} 33... Bxg5 $6 34. Rxd6 g6 35. Rxa6 $11) 34. a4 b4 ({Much worse is} 34... Rxe4 $6 35. f4 $11) 35. f3 (35. Re2 $17 {is a better defense.}) 35... Rc6 ({Black should try} 35... Bxg5 $19 {Strongly threatening ...Rh4.} 36. Kg2 Rh4) 36. Rfd1 (36. Rg2 $15) 36... Nxf3+ ({Black should play} 36... Bxg5 $17 {Hoping for ...Rh4.} 37. Rxd6 Rxc2) 37. Nxf3 $15 Rxf3 38. Bg2 Rg3 39. e5 dxe5 40. Kh2 Rcc3 41. Rd7 Bxg5 {And now ...Rg4 would win.} 42. Rb7 {Rdd7 is the strong threat.} Bf6 $2 {[%mdl 8192]} (42... Rg4 $17 {stays on course.} 43. Rdd7 Rh4+ 44. Kg1 Rc8) 43. Rdd7 $18 {Rb8+ would kill now.} h5 44. Rf7 (44. Rb8+ $142 Rc8 45. Rxc8+ Bd8 46. Rcxd8#) 44... Bg7 45. Rxg7 Rge3 46. Rge7 {[%cal Re7e8]} Rc8 47. Rxb4 (47. Rh7+ $142 Kg8 48. Bd5+ Kf8 49. Rh8#) 47... Re2 48. c4 Rd8 49. Rbb7 e4 50. Rxe4 (50. Kg3 $142 h4+ 51. Kh3) 50... Rb2 51. Ree7 a5 52. Red7 (52. Kg3 $142 Rbd2 53. Bd5 R2xd5 54. cxd5 g5 55. Rh7+ Kg8 56. Rbg7+ Kf8 57. Rxg5 h4+ 58. Rxh4) 52... Re8 53. Ra7 (53. Kh3 $142 Rxg2 54. Kxg2 Rc8 55. Rh7+ Kg8 56. Rbg7+ {[%mdl 64] Double Attack} Kf8 57. Rh8+ Kxg7 58. Rxc8) 53... g5 54. Rxa5 Kg8 55. Rxg5+ {[%mdl 64] Double Attack. Accuracy: White = 30%, Black = 27%.} 1-0

[Event "IMSA Blitz Women 2019"]
[Site "Hengshui"]
[Date "2019.05.17"]
[Round "6.1"]
[White "Ushenina, Anna"]
[Black "Muzychuk, Mariya"]
[Result "0-1"]
[WhiteElo "2442"]
[BlackElo "2563"]
[Annotator "TA"]
[PlyCount "86"]
[EventDate "2019.05.17"]
[EventType "blitz"]
[EventCountry "CHN"]
[SourceTitle "playchess.com"]
[Source "ChessBase"]
[SourceQuality "1"]

{[%evp 9,86,26,26,15,30,16,34,26,39,24,25,23,15,18,16,18,21,8,10,0,90,97,138,63,166,141,220,-3,-6,-5,-5,-5,-1,-10,-14,-483,66,-510,-493,-512,-510,-504,-483,-506,-489,-537,-198,-208,-120,-212,-215,-204,-198,-190,-160,-193,-155,-149,-155,-139,-135,-150,-152,-150,-129,-170,-163,-495,-331,-958,-934,-2093,-2263,-5310,-1008,-29979,-29980,-29989,-29990]} 1. d4 Nf6 2. Nf3 g6 3. Nbd2 d5 4. b4 (4. e3 Bg7 5. b4 O-O 6. Bb2 c6 7. c4 Nbd7 8. a4 Ne4 9. cxd5 Nxd2 10. Qxd2 cxd5 11. Bd3 Nf6 12. O-O Ne4 13. Qe2 Nd6 14. Rfc1 Bf5 15. Bxf5 gxf5 {1-0 (47) Sargissian,G (2689)-Kovalev,V (2683) St Petersburg 2018}) 4... Bg7 5. c4 c6 6. e3 {D02: 1 d4 d5 2 Nf3 sidelines, including 2...Nf6 3 g3 and 2...Nf6 3 Bf4} O-O 7. a4 a5 8. b5 {White is slightly better.} c5 9. Bb2 Nbd7 10. Rc1 cxd4 11. Bxd4 b6 12. cxd5 Nxd5 13. Bxg7 Kxg7 14. Nc4 $146 ({Predecessor:} 14. Bc4) 14... N7f6 (14... Bb7 $11) 15. Be2 $16 Bf5 16. Qd4 (16. Nfe5 $16) 16... Rc8 (16... Nb4 $1 $14) 17. O-O $18 Be4 (17... Rc5 $16) 18. Nfe5 $2 (18. Rfd1 $18) 18... Nf4 $1 $11 {[%cal Rf4e2]} 19. Qb2 $132 {[%mdl 2048] White is fighting back} Nxe2+ 20. Qxe2 Rc5 $1 {[%cal Bc8c5,Bc5e5,Be5e4][%mdl 32]} 21. Qb2 Qc7 22. Nd2 $2 {[%mdl 8192]} (22. Rfd1 $11 {and White is okay.}) 22... Bb7 $2 ({Black should try} 22... Qxe5 $19 23. Qxe5 Rxe5) 23. Nb3 $2 {[%mdl 8192]} (23. Rxc5 $14 {stays ahead.} Qxc5 24. Ndc4) 23... Qxe5 $19 24. Qxe5 Rxe5 25. Rc7 Rb8 26. Rfc1 Nd5 27. Rd7 Rc8 $2 (27... Kf8 28. Nd4 Ke8) 28. Rxb7 {[#]} Rxc1+ $1 29. Nxc1 {[%mdl 4096] Endgame KRN-KRN} Re4 30. Nd3 Rxa4 {( -> ...Ra1+)} 31. g3 Ra3 32. Ne5 Rb3 33. e4 Nc3 {...a4 is the strong threat.} 34. Rxe7 Rxb5 35. f4 {[#]} a4 $1 {[%cal Ba5a4,Ba4a3,Ba3a2][%mdl 32] Hoping for ...a3.} ({Don't do} 35... Nxe4 36. Rxf7+ Kg8 37. Ra7 $17) 36. Rxf7+ Kg8 37. Rc7 Nxe4 {aiming for ...a3.} 38. Rc4 $2 (38. Ra7) 38... Nc5 39. Rd4 $2 (39. Rc2) 39... a3 40. Rd8+ Kg7 41. Rd2 Rb2 (41... Rb1+ $142 42. Kg2 Rb2 43. Rxb2 axb2) 42. Rd1 a2 43. Nc4 Rb1 {Accuracy: White = 28%, Black = 41%.} 0-1